The Cambridge ancient history. (Record no. 17770)
[ view plain ]
| 000 -LEADER | |
|---|---|
| campo de control de longitud fija | 01738nam a2200217 i 4500 |
| 001 - NÚMERO DE CONTROL | |
| campo de control | 17770 |
| 003 - IDENTIFICADOR DE NÚMERO DE CONTROL | |
| campo de control | ES-MaACL |
| 005 - FECHA Y HORA DE LA ÚLTIMA TRANSACCIÓN | |
| campo de control | 20250803050536.0 |
| 007 - CAMPO FIJO DE DESCRIPCIÓN FÍSICA--INFORMACIÓN GENERAL | |
| campo de control de longitud fija | t| |
| 008 - DATOS DE LONGITUD FIJA--INFORMACIÓN GENERAL | |
| campo de control de longitud fija | 010522m19802000sp ||||1| spa d |
| 020 ## - NÚMERO INTERNACIONAL ESTÁNDAR DEL LIBRO | |
| Número Internacional Estándar del Libro | 0 521 23446 8 |
| 080 ## - NÚMERO DE LA CLASIFICACIÓN DECIMAL UNIVERSAL | |
| Número de la Clasificación Decimal Universal | 931 |
| 245 04 - MENCIÓN DEL TÍTULO | |
| Título | The Cambridge ancient history. |
| 260 ## - PUBLICACIÓN, DISTRIBUCIÓN, ETC. | |
| Lugar de publicación, distribución, etc. | Cambridge : |
| Nombre del editor, distribuidor, etc. | University Press, |
| Fecha de publicación, distribución, etc. | 1980-2000. |
| 300 ## - DESCRIPCIÓN FÍSICA | |
| Extensión | 26 v. ; |
| Dimensiones | 23 cm. |
| 500 ## - NOTA GENERAL | |
| Nota general | Plates to volumen I, II, III, IV, V, VI, VII. |
| 505 8# - NOTA DE CONTENIDO CON FORMATO | |
| Nota de contenido con formato | Contiene: Vol. I. Part 1: Prologomena and prehistory -- Vol. I. Part 2A-2B: Early history of the middle east -- Vol. II. Part 1: History of the middle east and the aegean region : c. 1800-1380 B.C. -- Vol. II. Part 2A-2B: History of the middle east and the agean region: c. 1380-1000 B.C. -- Vol. III. Part 1: Middle east and the aegean world, tenth to eighth centuries B.C. -- Vol.III. Part 2: The Assyrian and Babylonyam Empires and other states of the near east, fron the eighth to the sixth centuries B.C. -- Vol. III. Part 3. The expansion of the greek world: eight to sixth centuries B.C. -- Vol. IV. The Persian empire and the west -- Vol. V. Athens: 478-401 B.C. -- Vol. VI: Macedon: 401-301 B.C. -- Vol. VII. Part 1: The hellenishc world -- Vol. VII. Part. 2: The rise of Rome to 220 B.C. -- Vol. VIII: Rome and the mediterraean: 218-133 B.C. -- Vol. IX: The Roman Republic: 133-44 B.C. -- Vol. X: The Augustan Empire: 44 B.C.- A.D. 70 -- Vol. XI: The Imperial pace: A.D. 70-192 -- Vol. XII : The Imperial crisis and recovery: AD. 193-324 -- Vol. XIII: The late empire: A.D. 337-425 -- Vol. XIV. Late antiquity: empire and successors, A.D. 425-600 |
| 650 17 - PUNTO DE ACCESO ADICIONAL DE MATERIA--TÉRMINO DE MATERIA | |
| Término de materia o nombre geográfico como elemento de entrada | Historia antigua |
| Fuente del encabezamiento o término | embne |
| 9 (RLIN) | 13385 |
| 852 ## - LOCALIZACIÓN | |
| Ubicación | ES-MaACL |
| Número de control de estantería | P-975 |
| Sublocalización o colección | R.112778 |
| Estatus retirado | Estado de pérdida | Estado de daño | No para préstamo | Biblioteca de origen | Biblioteca actual | Ubicación en estantería | Fecha de adquisición | Fuente de adquisición | Total de préstamos | Signatura topográfica completa | Código de barras | Visto por última vez | Precio de reemplazo | Tipo de ítem Koha |
|---|---|---|---|---|---|---|---|---|---|---|---|---|---|---|
| Biblioteca del Ateneo de Madrid | Biblioteca del Ateneo de Madrid | Depósito 2 | 17/01/2008 | P-975 | 1018139 | 23/02/2023 | 23/02/2023 | Libro impreso |
